Historia - wiedza ogólna #7 - Statystyki

Ogólne statystyki
  • Ten quiz został rozwiązany 91 razy
  • Średni wynik to 9 z 20
Statystyki odpowiedzi
Pytanie Odpowiedź % Poprawnych
Które państwo było kiedyś rządzone przez przywódców wojskowych zwanych shogunami? Japonia
84%
Jak potocznie określano granicę między Wschodem, a Zachodem podczas zimnej wojny? Żelazna kurtyna
81%
Który region świata, leżący nad dwoma znanymi rzekami, uznaje się za jedną z pierwszych kolebek cywilizacji? Mezopotamia
77%
Jak nazywa się wyspa położona na Pacyfiku, na której znajdują się wielkie posągi Moai? Wyspa Wielkanocna
77%
Która budowla wzniesiona przez człowieka była najwyższa na świecie w 1900 roku? Wieża {Eiffla}
69%
Którą flotę okrętów wojennych Hiszpania wysłała przeciwko Anglii w 1588 r? Niezwyciężona {Armada}
60%
Co napisali zarówno Karl Marx, jak i Unabomber? Manifest
57%
Które współczesne państwo było niegdyś największą i najbogatszą kolonią Holandii? Indonezja
56%
Czyja "Mała Czerwona Książeczka" z cytatami została wydrukowana w miliardach egzemplarzy? {Mao Zedong}a
56%
Który brytyjski monarcha został pierwszym "cesarzem/cesarzową Indii"? Wiktoria
51%
Kto w latach 1939-1945 był generalnym gubernatorem okupowanych ziem polskich? Hans Frank
46%
Co zaczęło się 29 października 1929 r. i trwało przez niemal dekadę? Wielki kryzys
46%
Jak nazywa się państwo, na którego współczesnym terenie odbyła się II wojna burska? Republika Południowej Afryki
38%
Kto przebywał w więzieniu na wyspie Robbeneiland w latach 1964-82, po czym został jedną z najbardziej wpływowych osób w swoim kraju? Nelson Mandela
27%
Które starcie z 732 r. zatrzymało ekspansję muzułmańską w Europie Zachodniej? Bitwa pod {Poitiers}
22%
Jak nazywa się miasto, w którym w 1018 r. zawarto pokój między Bolesławem Chrobrym, a Henrykiem II? Budziszyn
22%
Które państwo było niegdyś rządzone przez "Papa Doc" i "Baby Doc" Duvalierów? Haiti
19%
Który sfermentowany produkt spożywczy alianci nazywali podczas I wojny światowej "liberty cabbage"? Kiszona kapusta
16%
Kto sprawował faktyczne rządy, po tym jak 10-letni Władysław Warneńczyk objął tron Polski po śmierci Władysława Jagiełły? Zbigniew Oleśnicki
15%
Jak nazywa się wieś, w pobliżu której 1 września 1939 r. Polacy stoczyli jedną z pierwszych i nielicznych zwycięskich bitew kampanii wrześniowej? Mokra
9%
Nie znaleziono quizów pasujących do podanych kryteriów
Rozkład punktacji
Procent ludzi z każdym wynikiem
Percentyl według liczby udzielonych odpowiedzi
Twoja historia wyników
Nie rozwiązałeś tego quizu